000 00649nam a2200277Ia 4500
005 20260324130404.0
008 008 260324s9999 xx 000 0 eng d
020 _a9780203836989
037 _aEBOOK
040 _aCRL
040 _beng
040 _cCRL
041 _2eng
041 _aeng
084 _qCRL
100 _aJay Haley; Madeleine Richeport-Haley
_91181576
245 0 _aDirective Family Therapy
260 _bTaylor and Francis
260 _c2007
365 _a
365 _b195
856 _uhttp://www.taylorfrancis.com/books/9780203836989
942 _cEBOOK
999 _c1777729
_d1777729